00482cam a22001577a 4500008004000000020001800040082001300058245008200071260002700153300001000180650002500190650005300215700001800268700002000286700001800306180718b2011 xxu||||| |||| 00| 0 eng d a9788178440910 aB3 M687e aEthics in governancecedited by T. K. Mishra, S. P. Aggarwal and B. K. Tiwary aNew DelhibK. K.c2011 a288p. aCivil service ethics aPublic administration -Moral and ethical aspects aTiwary, B. K. aAggarwal, S. P. aMishra, T. K.